JMIR Cancer: (Record no. 41128)
[ view plain ]
| 000 -LEADER | |
|---|---|
| fixed length control field | 00913nam a2200265Ii 4500 |
| 008 - FIXED-LENGTH DATA ELEMENTS--GENERAL INFORMATION | |
| fixed length control field | 211104s9999 xx 000 0 und d |
| 022 ## - INTERNATIONAL STANDARD SERIAL NUMBER | |
| International Standard Serial Number | 2369-1999 |
| 041 ## - LANGUAGE CODE | |
| Language code of text/sound track or separate title | eng |
| 245 #0 - TITLE STATEMENT | |
| Title | JMIR Cancer: |
| 264 ## - PRODUCTION, PUBLICATION, DISTRIBUTION, MANUFACTURE, AND COPYRIGHT NOTICE | |
| Place of production, publication, distribution, manufacture | Canada: |
| Name of producer, publisher, distributor, manufacturer | JMIR Publications |
| 336 ## - CONTENT TYPE | |
| Source | rdacontent |
| Content type term | text |
| Content type code | txt |
| 337 ## - MEDIA TYPE | |
| Source | rdamedia |
| Media type term | computer |
| Media type code | c |
| 338 ## - CARRIER TYPE | |
| Source | rdacarrier |
| Carrier type term | online resource |
| Carrier type code | cr |
| 540 ## - TERMS GOVERNING USE AND REPRODUCTION NOTE | |
| -- | CC BY |
| Uniform Resource Identifier | <a href="https://cancer.jmir.org/publishing-policies/open-access-policy">https://cancer.jmir.org/publishing-policies/open-access-policy</a> |
| 540 ## - TERMS GOVERNING USE AND REPRODUCTION NOTE | |
| Uniform Resource Identifier | <a href="https://cancer.jmir.org/2015/1/e1/">https://cancer.jmir.org/2015/1/e1/</a> |
| 540 ## - TERMS GOVERNING USE AND REPRODUCTION NOTE | |
| Uniform Resource Identifier | <a href="https://cancer.jmir.org/publishing-policies/open-access-policy">https://cancer.jmir.org/publishing-policies/open-access-policy</a> |
| 540 ## - TERMS GOVERNING USE AND REPRODUCTION NOTE | |
| Uniform Resource Identifier | <a href="https://cancer.jmir.org/publishing-policies/open-access-policy">https://cancer.jmir.org/publishing-policies/open-access-policy</a> |
| 653 ## - INDEX TERM--UNCONTROLLED | |
| Uncontrolled term | Informatics |
| 653 ## - INDEX TERM--UNCONTROLLED | |
| Uncontrolled term | Oncology |
| 653 ## - INDEX TERM--UNCONTROLLED | |
| Uncontrolled term | Cancer |
| 710 2# - ADDED ENTRY--CORPORATE NAME | |
| Corporate name or jurisdiction name as entry element | The Directory of Open Access Journals |
| 856 ## - ELECTRONIC LOCATION AND ACCESS | |
| Uniform Resource Identifier | <a href="https://cancer.jmir.org">https://cancer.jmir.org</a> |
| 856 ## - ELECTRONIC LOCATION AND ACCESS | |
| Uniform Resource Identifier | <a href="https://doaj.org/toc/75f70a4df44744ee9b3fffb746f6d167">https://doaj.org/toc/75f70a4df44744ee9b3fffb746f6d167</a> |
| 942 ## - ADDED ENTRY ELEMENTS (KOHA) | |
| Koha item type | E-JOURNALS |
| Withdrawn status | Damaged status | Not for loan | Home library | Current library | Date acquired | Total Checkouts | Date last seen | Price effective from | Koha item type |
|---|---|---|---|---|---|---|---|---|---|
| The Directory of Open Access Journals | The Directory of Open Access Journals | 11/04/2021 | 11/04/2021 | 11/04/2021 | E-JOURNALS |